000 00525nam a22001577a 4500
003 OSt
005 20240404123417.0
008 240404b |||||||| |||| 00| 0 eng d
040 _cCentral Library MRSPTU
100 _aGurbachan Singh Talib (ਗੁਰਬਚਨ ਸਿੰਘ ਤਾਲਿਬ)
245 _aDharam Di Utpati Te Vikas (Punjabi) (ਧਰਮ ਦੀ ਉਤਪਤੀ ਤੇ ਵਿਕਾਸ)
250 _a3rd
260 _aPatiala
_bPublication Bureau Punjabi University
_c1991
300 _a115
942 _2ddc
_cBK
_n0
999 _c9995
_d9995